Responses for Show #8484 - Thursday, October 7, 2021

Matt Amodio game 37.

Contestants

[<< previous game]

Maddie Williams, a Ph.D. candidate originally from Cape Cod, Massachusetts

Tyler Seiple, a voice and speech teacher originally from Columbus, Ohio

Matt Amodio, a Ph.D. student from New Haven, Connecticut (whose 36-day cash winnings total $1,417,401)

[next game >>]

Jeopardy! Round responses

SEEN HERE
SATURDAY NIGHT LIVE PEOPLE
COMPOUND WORDS
30 SOMETHING
CHARACTER DEVELOPMENT
"EZ" GEOGRAPHY
(Mayim: That pair of letters will be in each response.)
    $200 30
a mohawk

Tyler
    $200 26
(Tina) Fey

Matt
    $200 29
snowshoes

Matt
    $200 28
30 pieces of silver

Tyler
    $200 27
(Matt: What's Marley?)

(Ebenezer) Scrooge

MattMaddie
    $200 25
Suez

Maddie
    $400 24
(Mayim: That is some quick math, yes.)

80

Matt
    $400 23
(Mayim: Yes, for Guevara.)

Che

Matt
    $400 22
a stopwatch

Tyler
    $400 21
victory

Matt
    $400 20
Heathcliff

Matt
    $400 19
Juárez

Matt
    $600 18
New Jersey (the Garden State)

Triple Stumper
    $600 17
Fred Armisen

Tyler
    $600 16
the Scarecrow

Tyler
    $600 15
(Nolan) Ryan

Matt
    $600 13
Rabbit

Matt
    $600 14
Natchez

Matt
    $800 12
sternum

Matt
    $800 11
(George) Carlin

Matt
    $800 10
underdogs

Triple Stumper
    $800 9
7

Matt
    $800 8
Sancho Panza

Tyler
    $800 7
(Matt: What's "Saint-Tro-pez"?)
(Mayim: Yes, "Saint-Tro-pay".)

Saint-Tropez

Matt
    $1000 5
Namibia

Matt
    $1000 6
Molly Shannon

Tyler
    $1,000 4
lighthouse

Matt
    $1000 3
39 Steps

Matt
    $1000 2
(Matt: What's... Snape?)
(Maddie: Who is Harry Potter?)
...
(Mayim: Who is [*] in 1984?)

Winston Smith

MattMaddie
Triple Stumper
    $1000 1
Zambezi

Matt

Scores at the first commercial break (after clue 15):

Matt Tyler Maddie
$8,000 $1,800 -$1,000

Scores at the end of the Jeopardy! Round:

Matt Tyler Maddie
$10,200 $3,800 -$600

Double Jeopardy! Round responses

SCENE HERE
A PRESI-DENTAL CATEGORY
THE EARTH
WE DID START THE FIRE
U.S. FRANCHISES
SAY IT IN LATIN
    $400 30
Streep

Maddie
    $400 29
(Maddie: What is Roswell?)

Palm Springs

Maddie
Triple Stumper
    $400 28
salt

Matt
    $400 27
buffalo

Maddie
    $400 26
7-Eleven

Maddie
    $400 25
non sequitur

Tyler
    $800 19
(Matt: What's Chaplin?)

(Buster) Keaton

MattMaddie
    $800 14
Blair

Matt
    $800 13
glacier

Matt
    $3,000 21
backfire

Matt
    $800 24
(Maddie: What is iFix it?)

uBreakiFix

Maddie
Triple Stumper
    $5,000 18
magnum opus

Matt
    $1200 1
Fargo

Matt
    $1200 8
(Ulysses S.) Grant

Matt
    $1200 4
fingers (a finger lake)

Tyler
    $1200 6
(Matt: What's candles?)
(Maddie: What are lanterns?)

funeral pyres

MattMaddie
Triple Stumper
    $1200 23
RE/MAX

Matt
    $1200 11
semper fidelis

Tyler
    $1600 15
Citizen Kane

Matt
    $1600 3
FDR (Franklin D. Roosevelt)

Matt
    $1600 2
basin

Matt
    $1600 7
alchemy

Matt
    $1600 22
(Mayim: Yes, I'd like to think this is also a judgment-free zone.)

Planet Fitness

Matt
    $1600 10
in vino, veritas

Matt
    $2000 17
Dean Wormer

Matt
    $2000 9
Taylor

Matt
    $2000 5
fumarole

Triple Stumper
    $2000 16
Bonfire of the Vanities

Matt
    $2000 20
Bundt

Matt
    $2000 12
amor omnia vincit

Matt

Scores at the end of the Double Jeopardy! Round:

Matt Tyler Maddie
$41,400 $6,600 -$1,000
(lock game)

[wagering suggestions for these scores]

Final Jeopardy! Round responses

WINTER OLYMPIC SPORTS
(Mayim: [To Matt] The sport combines skiing and shooting, much like early Scandinavians who hunted in the forests on skis. Tyler, you added an extra syllable.)
TylerWhat is [one letter crossed out] biathalon?
$6,600
MattWhat is biathlon?
$9,000
biathlon

Final scores:

Matt Tyler Maddie
$50,400 $0 -$1,000
37-day champion: $1,467,801 2nd place: $2,000 3rd place: $1,000

Game dynamics:

Coryat scores:

Matt Tyler Maddie
$35,000 $6,600 -$1,000
37 R
(including 3 DDs),
4 W
10 R,
0 W
6 R,
4 W

Combined Coryat: $40,600

[game clues] [game scores] [suggest correction]

Game tape date: 2021-08-27
The J! Archive is created by fans, for fans. Scraping, republication, monetization, and malicious use prohibited; this site may use cookies and collect identifying information. See terms. The Jeopardy! game show and all elements thereof, including but not limited to copyright and trademark thereto, are the property of Jeopardy Productions, Inc. and are protected under law. This website is not affiliated with, sponsored by, or operated by Jeopardy Productions, Inc. Join the discussion at JBoard.tv.